Differences in time use and morale between the single and married aged /

Bibliographic Details
Main Author: Lorinc, Helen M.
Format: Thesis Microform Book
Language:English
Published: [Place of publication not identified] : [publisher not identified] ; 1981.
Subjects:

MARC

Tag First Indicator Second Indicator Subfields
LEADER 00000cam a2200000 a 4500
001 in00000023804
005 20151007054331.0
007 he bmb|||||||
008 840509r19841981oru bb s00010 eng d
035 |a (OCoLC)10708167 
035 |9 AAB4722AM 
040 |a ORU  |c INT  |d INT  |d TXA  |d UtOrBLW 
049 |a TXAI 
099 |a fiche  |a C  |a 6710 
100 1 |a Lorinc, Helen M. 
245 1 0 |a Differences in time use and morale between the single and married aged /  |c by Helen M. Lorinc. 
264 1 |a [Place of publication not identified] :  |b [publisher not identified] ;  |c 1981. 
300 |a vii, 99 leaves. 
336 |a text  |b txt  |2 rdacontent 
337 |a microform  |b h  |2 rdamedia 
338 |a microfiche  |b he  |2 rdacarrier 
502 |b M.S.  |c Pennsylvania State University  |d 1981. 
504 |a Bibliography: leaves [78]-84. 
533 |a Microfiche.  |b Eugene :  |c Microform Publications, College of Human Development and Performance, University of Oregon,  |d 1984.  |e 2 microfiches : negative ; 11 x 15 cm. 
500 |a Microform. 
650 0 |a Older people  |x Psychology. 
650 0 |a Older people  |x Time management. 
650 0 |a Older people  |x Recreation. 
650 0 |a Marital status  |x Psychological aspects. 
999 |a MARS 
999 f f |s 31c3e842-e1d6-3276-99bf-29f37654c75d  |i 158fc22d-e7b2-3b32-afb2-b81be56ae7a3  |t 0 
952 f f |p normal  |a Texas A&M University  |b College Station  |c Sterling C. Evans Library  |d Evans: Microforms (3rd floor)  |t 0  |e fiche C 6710  |h Other scheme  |i microform -- microfiche  |m A14823000458 
998 f f |a fiche C 6710  |t 0  |l Evans: Microforms (3rd floor)